[Event "WYCC Girls U16"]
[Site "Porto Carras"]
[Date "2015.10.26"]
[Round "2.4"]
[White "Georgescu, Lena"]
[Black "Avramidou, Anastasia"]
[Result "0-1"]
[BlackElo "2249"]
[WhiteElo "2014"]
[LiveChessVersion "1.4.6"]

1. e4 {[%clk 1:30:57]} c5 {[%clk 1:30:50]} 2. Nc3 {[%clk 1:31:20]} Nc6
{[%clk 1:31:15]} 3. f4 {[%clk 1:31:43]} g6 {[%clk 1:31:41]} 4. Nf3
{[%clk 1:32:09]} Bg7 {[%clk 1:32:07]} 5. Bb5 {[%clk 1:32:33]} Nd4
{[%clk 1:32:33]} 6. O-O {[%clk 1:32:52]} a6 {[%clk 1:32:51]} 7. Bd3
{[%clk 1:32:55]} d6 {[%clk 1:33:14]} 8. Nxd4 {[%clk 1:32:12]} cxd4
{[%clk 1:33:37]} 9. Ne2 {[%clk 1:32:30]} Nf6 {[%clk 1:33:31]} 10. Qe1
{[%clk 1:26:33]} e5 {[%clk 1:31:10]} 11. c3 {[%clk 1:21:52]} dxc3
{[%clk 1:29:42]} 12. bxc3 {[%clk 1:21:46]} O-O {[%clk 1:29:27]} 13. Ba3
{[%clk 1:14:57]} Re8 {[%clk 1:26:28]} 14. Qh4 {[%clk 1:08:22]} b5
{[%clk 1:17:25]} 15. Rae1 {[%clk 1:03:33]} Bb7 {[%clk 1:11:45]} 16. f5
{[%clk 0:58:17]} d5 {[%clk 1:04:25]} 17. fxg6 {[%clk 0:57:41]} hxg6
{[%clk 1:04:36]} 18. Ng3 {[%clk 0:52:17]} Nxe4 {[%clk 1:03:35]} 19. Qxd8
{[%clk 0:50:59]} Raxd8 {[%clk 1:03:57]} 20. Bxe4 {[%clk 0:48:35]} dxe4
{[%clk 1:04:18]} 21. Rf2 {[%clk 0:47:27]} f5 {[%clk 1:02:16]} 22. h4
{[%clk 0:46:59]} Rd3 {[%clk 1:01:15]} 23. Kh2 {[%clk 0:43:10]} Bh6
{[%clk 0:59:00]} 24. Nf1 {[%clk 0:39:01]} f4 {[%clk 0:59:06]} 25. Bc5
{[%clk 0:37:59]} Rc8 {[%clk 0:55:21]} 26. Be7 {[%clk 0:36:12]} Kf7
{[%clk 0:53:49]} 27. Bb4 {[%clk 0:35:40]} Ke6 {[%clk 0:52:20]} 28. Rfe2
{[%clk 0:34:52]} Rh8 {[%clk 0:46:17]} 29. Kg1 {[%clk 0:33:18]} g5
{[%clk 0:42:30]} 30. hxg5 {[%clk 0:33:16]} Bxg5 {[%clk 0:42:52]} 31. Rc1
{[%clk 0:32:30]} Rc8 {[%clk 0:40:30]} 32. Ra1 {[%clk 0:31:58]} Bd8
{[%clk 0:38:53]} 33. Kf2 {[%clk 0:31:49]} Bb6+ {[%clk 0:38:23]} 34. Ke1
{[%clk 0:32:08]} Rh8 {[%clk 0:34:40]} 35. Kd1 {[%clk 0:30:58]} f3
{[%clk 0:32:29]} 36. gxf3 {[%clk 0:31:16]} exf3 {[%clk 0:32:51]} 37. Re1
{[%clk 0:31:23]} f2 {[%clk 0:33:05]} 0-1

[Event "WYCC Girls U16"]
[Site "Porto Carras"]
[Date "2015.10.26"]
[Round "2.5"]
[White "Eswaran, Ashritha"]
[Black "Yao, Lan"]
[Result "1-0"]
[BlackElo "2008"]
[WhiteElo "2207"]
[LiveChessVersion "1.4.6"]

1. e4 {[%clk 1:30:50]} c5 {[%clk 1:30:53]} 2. Nf3 {[%clk 1:31:03]} d6
{[%clk 1:31:15]} 3. d4 {[%clk 1:30:56]} cxd4 {[%clk 1:31:41]} 4. Nxd4
{[%clk 1:31:01]} Nf6 {[%clk 1:32:05]} 5. Nc3 {[%clk 1:30:34]} Nc6
{[%clk 1:32:28]} 6. g3 {[%clk 1:29:48]} g6 {[%clk 1:10:31]} 7. Nde2
{[%clk 1:27:56]} Bg7 {[%clk 1:09:53]} 8. Bg2 {[%clk 1:26:53]} O-O
{[%clk 1:09:36]} 9. O-O {[%clk 1:25:40]} Bd7 {[%clk 1:02:32]} 10. h3
{[%clk 1:20:46]} Ne5 {[%clk 0:57:31]} 11. b3 {[%clk 1:13:55]} Bc6
{[%clk 0:55:42]} 12. Rb1 {[%clk 1:10:02]} Ned7 {[%clk 0:49:20]} 13. Bb2
{[%clk 1:05:39]} Nc5 {[%clk 0:45:03]} 14. Re1 {[%clk 0:50:14]} e5
{[%clk 0:34:20]} 15. Nc1 {[%clk 0:47:34]} b5 {[%clk 0:24:33]} 16. b4
{[%clk 0:45:27]} Ne6 {[%clk 0:22:51]} 17. Nb3 {[%clk 0:43:18]} Qb6
{[%clk 0:21:28]} 18. Qd3 {[%clk 0:37:13]} Rac8 {[%clk 0:17:51]} 19. Bc1
{[%clk 0:32:20]} a6 {[%clk 0:16:14]} 20. Be3 {[%clk 0:28:16]} Qc7
{[%clk 0:16:13]} 21. Red1 {[%clk 0:26:45]} Ba8 {[%clk 0:12:30]} 22. Nd5
{[%clk 0:25:51]} Bxd5 {[%clk 0:10:54]} 23. exd5 {[%clk 0:26:13]} Nd8
{[%clk 0:11:16]} 24. Rdc1 {[%clk 0:25:26]} Nd7 {[%clk 0:08:47]} 25. Na5
{[%clk 0:24:27]} Nb6 {[%clk 0:05:08]} 26. Bxb6 {[%clk 0:22:25]} Qxb6
{[%clk 0:05:36]} 27. c4 {[%clk 0:21:52]} f5 {[%clk 0:02:51]} 28. cxb5
{[%clk 0:20:34]} e4 {[%clk 0:02:22]} 29. Qe2 {[%clk 0:17:49]} Rxc1+
{[%clk 0:02:42]} 30. Rxc1 {[%clk 0:18:17]} axb5 {[%clk 0:03:05]} 31. Bf1
{[%clk 0:09:08]} f4 {[%clk 0:02:05]} 32. g4 {[%clk 0:08:31]} Bd4 {[%clk 0:01:36]}
33. Rc2 {[%clk 0:08:26]} Bxf2+ {[%clk 0:00:57]} 34. Qxf2 {[%clk 0:05:09]} e3
{[%clk 0:01:23]} 35. Qf3 {[%clk 0:05:30]} e2+ {[%clk 0:01:47]} 36. Qf2
{[%clk 0:05:54]} exf1=Q+ {[%clk 0:01:58]} 37. Kxf1 {[%clk 0:06:21]} Qb8
{[%clk 0:01:22]} 38. Nc6 {[%clk 0:04:25]} Nxc6 {[%clk 0:01:28]} 39. dxc6
{[%clk 0:04:47]} Qc7 {[%clk 0:01:39]} 40. Qd4 {[%clk 0:34:04]} f3
{[%clk 0:30:40]} 41. Qd5+ {[%clk 0:32:07]} Kh8 {[%clk 0:30:36]} 42. Rd2
{[%clk 0:31:06]} Rc8 {[%clk 0:23:33]} 43. Qxb5 {[%clk 0:28:13]} Qg7
{[%clk 0:21:43]} 44. Qd5 {[%clk 0:20:02]} Qh6 {[%clk 0:19:38]} 45. h4
{[%clk 0:16:01]} Rxc6 {[%clk 0:09:31]} 46. Qd4+ {[%clk 0:16:17]} Kg8
{[%clk 0:07:27]} 47. g5 {[%clk 0:16:43]} Rc1+ {[%clk 0:07:51]} 48. Kf2
{[%clk 0:17:06]} Qf8 {[%clk 0:05:56]} 49. Qxd6 {[%clk 0:15:11]} Qxd6
{[%clk 0:05:33]} 50. Rxd6 {[%clk 0:15:38]} Rc2+ {[%clk 0:06:00]} 51. Kxf3
{[%clk 0:16:02]} Rxa2 {[%clk 0:06:26]} 52. b5 {[%clk 0:15:55]} Rb2
{[%clk 0:04:49]} 53. b6 {[%clk 0:14:13]} Rb4 {[%clk 0:04:09]} 54. Ke3
{[%clk 0:14:05]} Kf7 {[%clk 0:04:08]} 55. Kd3 {[%clk 0:13:30]} Rxh4
{[%clk 0:02:41]} 56. Rd4 {[%clk 0:13:12]} Rh1 {[%clk 0:01:46]} 57. Rb4
{[%clk 0:12:19]} Rd1+ {[%clk 0:01:51]} 58. Ke4 {[%clk 0:12:45]} Re1+
{[%clk 0:01:25]} 59. Kd5 {[%clk 0:13:06]} Rd1+ {[%clk 0:01:43]} 60. Kc5
{[%clk 0:12:56]} Rc1+ {[%clk 0:01:13]} 61. Rc4 {[%clk 0:13:15]} Rb1
{[%clk 0:01:37]} 62. Kc6 {[%clk 0:13:39]} Kg7 {[%clk 0:01:12]} 63. Rd4
{[%clk 0:13:27]} Rc1+ {[%clk 0:01:12]} 64. Kb5 {[%clk 0:12:44]} Rb1+
{[%clk 0:00:56]} 65. Rb4 {[%clk 0:13:09]} Re1 {[%clk 0:01:08]} 66. b7
{[%clk 0:13:33]} Re8 {[%clk 0:01:35]} 67. Rc4 {[%clk 0:13:52]} 1-0

[Event "WYCC Girls U16"]
[Site "Porto Carras"]
[Date "2015.10.26"]
[Round "2.6"]
[White "Gazikova, Veronika"]
[Black "Alinasab, Mobina"]
[Result "1-0"]
[BlackElo "1993"]
[WhiteElo "2190"]
[LiveChessVersion "1.4.6"]

1. e4 {[%clk 1:30:58]} e6 {[%clk 1:30:53]} 2. d4 {[%clk 1:31:22]} d5
{[%clk 1:31:17]} 3. Nd2 {[%clk 1:31:46]} Be7 {[%clk 1:31:41]} 4. Bd3
{[%clk 1:31:41]} c5 {[%clk 1:31:21]} 5. dxc5 {[%clk 1:30:44]} Nf6
{[%clk 1:30:45]} 6. exd5 {[%clk 1:28:24]} exd5 {[%clk 1:30:11]} 7. Ngf3
{[%clk 1:23:50]} O-O {[%clk 1:28:32]} 8. O-O {[%clk 1:15:26]} Bxc5
{[%clk 1:20:01]} 9. h3 {[%clk 1:13:05]} Nc6 {[%clk 1:19:05]} 10. Nb3
{[%clk 1:13:11]} Bb6 {[%clk 1:18:07]} 11. Bg5 {[%clk 1:13:00]} h6
{[%clk 1:12:59]} 12. Bh4 {[%clk 1:12:46]} g5 {[%clk 1:01:45]} 13. Bg3
{[%clk 1:11:17]} Ne4 {[%clk 1:00:30]} 14. Bh2 {[%clk 1:09:08]} f5
{[%clk 0:58:13]} 15. Ne5 {[%clk 0:59:28]} Nxe5 {[%clk 0:43:31]} 16. Bxe5
{[%clk 0:59:41]} Re8 {[%clk 0:42:56]} 17. Bd4 {[%clk 0:38:04]} Bc7
{[%clk 0:41:00]} 18. Qh5 {[%clk 0:35:02]} Re6 {[%clk 0:41:05]} 19. Bxe4
{[%clk 0:34:44]} fxe4 {[%clk 0:31:39]} 20. h4 {[%clk 0:26:58]} b6
{[%clk 0:22:11]} 21. Rfe1 {[%clk 0:20:20]} Qe8 {[%clk 0:15:33]} 22. Qxe8+
{[%clk 0:19:51]} Rxe8 {[%clk 0:15:57]} 23. hxg5 {[%clk 0:20:18]} hxg5
{[%clk 0:16:18]} 24. Nd2 {[%clk 0:20:10]} Bf4 {[%clk 0:13:45]} 25. Nf1
{[%clk 0:18:36]} g4 {[%clk 0:12:51]} 26. g3 {[%clk 0:18:53]} Bg5 {[%clk 0:13:14]}
27. Rad1 {[%clk 0:18:55]} Be6 {[%clk 0:13:18]} 28. c3 {[%clk 0:14:52]} Rad8
{[%clk 0:12:08]} 29. Kg2 {[%clk 0:14:54]} Kf7 {[%clk 0:11:58]} 30. a4
{[%clk 0:12:55]} Rd7 {[%clk 0:11:12]} 31. b4 {[%clk 0:12:19]} Rb8
{[%clk 0:08:44]} 32. b5 {[%clk 0:10:23]} Kg6 {[%clk 0:08:06]} 33. Ra1
{[%clk 0:09:45]} Bf5 {[%clk 0:05:35]} 34. Ne3 {[%clk 0:06:36]} Bxe3
{[%clk 0:05:08]} 35. fxe3 {[%clk 0:06:58]} Rh7 {[%clk 0:01:29]} 36. Rf1
{[%clk 0:06:13]} Rbb7 {[%clk 0:01:28]} 37. a5 {[%clk 0:06:12]} Rhf7
{[%clk 0:00:37]} 38. axb6 {[%clk 0:05:58]} axb6 {[%clk 0:01:02]} 39. Ra8
{[%clk 0:06:01]} Be6 {[%clk 0:00:38]} 40. Rg8+ {[%clk 0:36:20]} Kh7
{[%clk 0:30:49]} 41. Rh1+ {[%clk 0:36:42]} 1-0

[Event "WYCC Girls U16"]
[Site "Porto Carras"]
[Date "2015.10.26"]
[Round "2.7"]
[White "Toporkova, Sofia"]
[Black "Kiolbasa, Oliwia"]
[Result "0-1"]
[BlackElo "2182"]
[WhiteElo "1950"]
[LiveChessVersion "1.4.6"]

1. d4 {[%clk 1:30:49]} d5 {[%clk 1:30:48]} 2. Nf3 {[%clk 1:31:02]} Nf6
{[%clk 1:31:04]} 3. c4 {[%clk 1:31:20]} c6 {[%clk 1:31:23]} 4. Nc3
{[%clk 1:31:25]} dxc4 {[%clk 1:31:17]} 5. a4 {[%clk 1:30:54]} Bf5
{[%clk 1:31:22]} 6. Ne5 {[%clk 1:30:54]} Nbd7 {[%clk 1:31:27]} 7. Nxc4
{[%clk 1:31:15]} Nb6 {[%clk 1:31:43]} 8. Ne5 {[%clk 1:31:20]} a5 {[%clk 1:31:47]}
9. f3 {[%clk 1:31:16]} Nfd7 {[%clk 1:31:52]} 10. Nxd7 {[%clk 1:31:15]} Nxd7
{[%clk 1:32:07]} 11. e4 {[%clk 1:31:18]} Bg6 {[%clk 1:32:24]} 12. Be3
{[%clk 1:23:18]} Qb6 {[%clk 1:32:10]} 13. Qd2 {[%clk 1:22:18]} e5
{[%clk 1:31:59]} 14. dxe5 {[%clk 1:06:32]} Bc5 {[%clk 1:32:04]} 15. Bxc5
{[%clk 1:02:49]} Nxc5 {[%clk 1:29:45]} 16. Qc2 {[%clk 0:51:14]} Rd8
{[%clk 1:21:24]} 17. Bc4 {[%clk 0:41:26]} O-O {[%clk 1:00:27]} 18. Kf1
{[%clk 0:40:36]} Rd4 {[%clk 0:45:59]} 19. b3 {[%clk 0:33:54]} Rfd8
{[%clk 0:39:44]} 20. Rd1 {[%clk 0:32:19]} Rxd1+ {[%clk 0:35:01]} 21. Nxd1
{[%clk 0:32:35]} Qc7 {[%clk 0:35:18]} 22. e6 {[%clk 0:25:11]} fxe6
{[%clk 0:35:04]} 23. g3 {[%clk 0:22:10]} b5 {[%clk 0:03:11]} 24. axb5
{[%clk 0:14:30]} cxb5 {[%clk 0:03:39]} 25. Bxb5 {[%clk 0:14:42]} Qb7
{[%clk 0:02:19]} 26. Nc3 {[%clk 0:09:17]} Rd4 {[%clk 0:00:53]} 27. Bc4
{[%clk 0:07:42]} a4 {[%clk 0:00:53]} 28. Nxa4 {[%clk 0:05:19]} Nxe4
{[%clk 0:00:44]} 29. Bxe6+ {[%clk 0:05:11]} Kh8 {[%clk 0:00:52]} 30. Qc8+
{[%clk 0:01:36]} Qxc8 {[%clk 0:01:17]} 31. Bxc8 {[%clk 0:02:05]} Rd1+
{[%clk 0:01:19]} 32. Kg2 {[%clk 0:02:33]} Rd2+ {[%clk 0:01:43]} 33. Kf1
{[%clk 0:02:41]} Nf2 {[%clk 0:00:33]} 34. Ke1 {[%clk 0:00:35]} Rc2
{[%clk 0:00:41]} 35. Ba6 {[%clk 0:00:47]} Nxh1 {[%clk 0:00:57]} 36. b4
{[%clk 0:00:59]} Nf2 {[%clk 0:00:38]} 37. b5 {[%clk 0:01:23]} Bd3
{[%clk 0:00:55]} 0-1

[Event "WYCC Girls U16"]
[Site "Porto Carras"]
[Date "2015.10.26"]
[Round "2.8"]
[White "Harshita, Guddanti"]
[Black "Feng, Maggie"]
[Result "1/2-1/2"]
[BlackElo "1969"]
[WhiteElo "2181"]
[LiveChessVersion "1.4.6"]

1. e4 {[%clk 1:30:52]} e6 {[%clk 1:30:49]} 2. d4 {[%clk 1:31:15]} d5
{[%clk 1:31:09]} 3. Nc3 {[%clk 1:31:38]} Bb4 {[%clk 1:31:23]} 4. e5
{[%clk 1:31:52]} Qd7 {[%clk 1:31:24]} 5. a3 {[%clk 1:29:13]} Bxc3+
{[%clk 1:31:43]} 6. bxc3 {[%clk 1:29:36]} b6 {[%clk 1:31:59]} 7. a4
{[%clk 1:27:38]} Ba6 {[%clk 1:31:18]} 8. Bxa6 {[%clk 1:25:49]} Nxa6
{[%clk 1:31:37]} 9. Qd3 {[%clk 1:21:08]} Nb8 {[%clk 1:31:18]} 10. Nf3
{[%clk 1:15:52]} Nc6 {[%clk 1:29:07]} 11. O-O {[%clk 1:13:49]} Nge7
{[%clk 1:18:37]} 12. Nh4 {[%clk 1:04:23]} Na5 {[%clk 1:15:49]} 13. f4
{[%clk 1:00:37]} g6 {[%clk 1:11:03]} 14. Nf3 {[%clk 0:59:03]} Nc4
{[%clk 1:10:34]} 15. Nd2 {[%clk 0:56:54]} Qc6 {[%clk 1:04:29]} 16. Nxc4
{[%clk 0:51:05]} dxc4 {[%clk 1:01:40]} 17. Qf3 {[%clk 0:48:15]} Qxf3
{[%clk 0:58:35]} 18. Rxf3 {[%clk 0:48:40]} a5 {[%clk 0:58:29]} 19. h3
{[%clk 0:43:35]} h5 {[%clk 0:55:10]} 20. g3 {[%clk 0:41:40]} Nd5 {[%clk 0:53:24]}
21. Rb1 {[%clk 0:40:20]} Kd7 {[%clk 0:52:12]} 22. Ba3 {[%clk 0:38:57]} Rab8
{[%clk 0:39:16]} 23. Kf2 {[%clk 0:37:23]} c6 {[%clk 0:37:21]} 24. Bd6
{[%clk 0:35:16]} Rb7 {[%clk 0:35:28]} 25. Ra1 {[%clk 0:35:19]} Ra8
{[%clk 0:35:22]} 26. Ke2 {[%clk 0:33:31]} b5 {[%clk 0:27:00]} 27. axb5
{[%clk 0:33:42]} cxb5 {[%clk 0:25:46]} 28. Kd2 {[%clk 0:33:16]} Rba7
{[%clk 0:23:33]} 29. Rb1 {[%clk 0:30:17]} b4 {[%clk 0:14:36]} 30. cxb4
{[%clk 0:28:46]} axb4 {[%clk 0:15:01]} 31. Bxb4 {[%clk 0:28:14]} Rb7
{[%clk 0:15:15]} 32. c3 {[%clk 0:28:20]} Ra2+ {[%clk 0:15:38]} 33. Kc1
{[%clk 0:27:23]} Rg2 {[%clk 0:14:18]} 34. Rb2 {[%clk 0:25:18]} Rg1+
{[%clk 0:14:33]} 35. Kc2 {[%clk 0:24:54]} Rg2+ {[%clk 0:14:51]} 36. Kc1
{[%clk 0:25:13]} Rxb2 {[%clk 0:15:13]} 37. Kxb2 {[%clk 0:25:38]} Nxb4
{[%clk 0:15:37]} 38. cxb4 {[%clk 0:26:04]} Rxb4+ {[%clk 0:16:00]} 39. Ka3
{[%clk 0:25:47]} Rb7 {[%clk 0:15:44]} 40. Rc3 {[%clk 0:55:58]} Kc6
{[%clk 0:45:54]} 41. Rxc4+ {[%clk 0:55:18]} Kd5 {[%clk 0:45:52]} 42. Ra4
{[%clk 0:51:38]} Ke4 {[%clk 0:44:25]} 43. d5+ {[%clk 0:52:02]} Kxd5
{[%clk 0:44:10]} 44. Ka2 {[%clk 0:52:04]} Kc5 {[%clk 0:43:03]} 45. h4
{[%clk 0:51:39]} Rd7 {[%clk 0:40:47]} 46. Kb2 {[%clk 0:48:10]} Rd2+
{[%clk 0:37:45]} 47. Kc3 {[%clk 0:39:50]} Rg2 {[%clk 0:38:07]} 48. Rc4+
{[%clk 0:40:17]} Kb6 {[%clk 0:38:19]} 49. Rb4+ {[%clk 0:40:43]} Kc7
{[%clk 0:24:54]} 50. Rc4+ {[%clk 0:40:33]} Kb6 {[%clk 0:24:39]} 51. Rb4+
{[%clk 0:40:59]} Kc6 {[%clk 0:24:48]} 52. Rc4+ {[%clk 0:41:23]} Kb6 53. Rb4+ Ka5
54. Rc4 Kb6 55. Kd4 1/2-1/2

[Event "WYCC Girls U16"]
[Site "Porto Carras"]
[Date "2015.10.26"]
[Round "2.9"]
[White "Hu, Yu A."]
[Black "Sieber, Fiona"]
[Result "0-1"]
[BlackElo "2180"]
[WhiteElo "1944"]
[LiveChessVersion "1.4.6"]

1. e4 {[%clk 1:30:35]} c5 {[%clk 1:30:59]} 2. Nf3 {[%clk 1:30:08]} d6
{[%clk 1:31:21]} 3. d4 {[%clk 1:30:23]} cxd4 {[%clk 1:31:46]} 4. Nxd4
{[%clk 1:30:37]} Nf6 {[%clk 1:32:11]} 5. Nc3 {[%clk 1:30:54]} Nc6
{[%clk 1:32:35]} 6. Bc4 {[%clk 1:29:11]} e6 {[%clk 1:32:42]} 7. Be3
{[%clk 1:28:56]} Be7 {[%clk 1:32:40]} 8. Qe2 {[%clk 1:25:48]} a6 {[%clk 1:32:42]}
9. O-O-O {[%clk 1:25:51]} Qc7 {[%clk 1:32:01]} 10. Bb3 {[%clk 1:25:54]} Na5
{[%clk 1:32:14]} 11. g4 {[%clk 1:23:40]} b5 {[%clk 1:32:22]} 12. g5
{[%clk 1:22:30]} Nxb3+ {[%clk 1:32:45]} 13. axb3 {[%clk 1:22:51]} Nd7
{[%clk 1:33:09]} 14. h4 {[%clk 1:19:48]} b4 {[%clk 1:32:36]} 15. Na4
{[%clk 1:17:30]} Nc5 {[%clk 1:30:48]} 16. h5 {[%clk 1:16:34]} Nxe4
{[%clk 1:20:39]} 17. g6 {[%clk 1:09:44]} f5 {[%clk 1:17:42]} 18. Qf3
{[%clk 0:53:37]} h6 {[%clk 1:14:53]} 19. Kb1 {[%clk 0:17:39]} Rb8
{[%clk 1:13:13]} 20. Rhe1 {[%clk 0:14:56]} O-O {[%clk 1:11:07]} 21. Qg2
{[%clk 0:13:08]} e5 {[%clk 1:08:31]} 22. Ne2 {[%clk 0:12:58]} Be6
{[%clk 1:04:15]} 23. f3 {[%clk 0:12:05]} Nf6 {[%clk 1:03:48]} 24. Bc1
{[%clk 0:07:59]} Rfc8 {[%clk 0:44:21]} 25. Nf4 {[%clk 0:05:22]} Bd7
{[%clk 0:44:05]} 26. Nd5 {[%clk 0:05:17]} Nxd5 {[%clk 0:44:25]} 27. Rxd5
{[%clk 0:05:40]} Rb5 {[%clk 0:41:13]} 28. Rdd1 {[%clk 0:03:16]} f4
{[%clk 0:37:20]} 29. Re2 {[%clk 0:01:09]} Bf5 {[%clk 0:30:36]} 30. Rde1
{[%clk 0:01:12]} Bh4 {[%clk 0:27:35]} 31. Rh1 {[%clk 0:01:17]} Bf6
{[%clk 0:27:24]} 32. Rhe1 {[%clk 0:01:24]} Qc6 {[%clk 0:26:05]} 33. Qf2
{[%clk 0:01:09]} Rb7 {[%clk 0:24:47]} 34. Rd1 {[%clk 0:01:08]} d5
{[%clk 0:23:05]} 35. Red2 {[%clk 0:00:55]} d4 {[%clk 0:20:59]} 36. Qe2
{[%clk 0:00:57]} Rbc7 {[%clk 0:18:04]} 37. Qc4+ {[%clk 0:00:36]} Qxc4
{[%clk 0:18:28]} 38. bxc4 {[%clk 0:01:05]} b3 {[%clk 0:18:10]} 0-1

[Event "WYCC Girls U16"]
[Site "Porto Carras"]
[Date "2015.10.26"]
[Round "2.10"]
[White "Pychova, Nela"]
[Black "Mayrhuber, Nikola"]
[Result "1-0"]
[BlackElo "1949"]
[WhiteElo "2137"]
[LiveChessVersion "1.4.6"]

1. d4 {[%clk 1:30:55]} d5 2. c4 e6 3. Nc3 Nf6 4. cxd5 exd5 5. Bf4 c6 6. Qc2 Be7
7. e3 Nh5 8. Be5 Nd7 9. Be2 Nxe5 10. dxe5 g6 11. O-O-O Ng7 12. Nf3 Bf5 13. e4 Be6
14. exd5 Bxd5 15. Nxd5 cxd5 16. Qa4+ Kf8 17. Kb1 Qb6 18. Qd4 Qxd4 19. Nxd4 Bc5
20. Nb3 Bxf2 21. Rxd5 Ke7 22. Rf1 Bb6 23. a4 Rhd8 24. Rb5 Rab8 25. a5 Bd4 26. Bf3
b6 27. a6 Ne6 28. Bd5 Bxe5 29. Bxe6 Kxe6 30. Re1 f6 31. g4 Rd5 32. Rb4 Rbd8 33.
Kc2 Kf7 34. Rbe4 R8d7 35. h3 Rc7+ 36. Kb1 Rd3 37. Nc1 Rxh3 38. g5 Rh2 39. Nd3 Bg3
40. R1e3 Rh1+ 41. Ka2 Bh4 42. gxf6 Bxf6 43. Rf3 Kg7 44. Nf4 Rf7 45. Ne6+ Kg8 46.
Ref4 Rh5 47. Rxf6 Rf5 48. R3xf5 gxf5 49. Rh6 f4 50. Ng5 Rf5 51. Nf3 Kg7 52. Rc6
Ra5+ 53. Kb3 Rxa6 54. Rc4 Kg6 55. Rxf4 Ra5 56. Nd4 h5 57. Kc3 Kg5 58. Ne6+ Kg6
59. Kd3 Re5 60. Nd4 Kg5 61. Rf7 a5 62. Nf3+ 1-0

[Event "WYCC Girls U16"]
[Site "Porto Carras"]
[Date "2015.10.26"]
[Round "2.12"]
[White "Bykovtsev, Agata"]
[Black "Avetisyan, Mariam"]
[Result "1-0"]
[BlackElo "1936"]
[WhiteElo "2117"]
[LiveChessVersion "1.4.6"]

1. e4 {[%clk 1:30:57]} c6 {[%clk 1:30:55]} 2. d4 {[%clk 1:31:20]} d5
{[%clk 1:31:21]} 3. Nd2 {[%clk 1:31:35]} dxe4 {[%clk 1:31:46]} 4. Nxe4
{[%clk 1:32:01]} Bf5 {[%clk 1:32:13]} 5. Ng3 {[%clk 1:32:24]} Bg6
{[%clk 1:32:39]} 6. h4 {[%clk 1:31:40]} h6 {[%clk 1:32:54]} 7. Nf3
{[%clk 1:31:18]} Nd7 {[%clk 1:33:18]} 8. Bd3 {[%clk 1:30:57]} Bxd3
{[%clk 1:33:27]} 9. Qxd3 {[%clk 1:31:25]} e6 {[%clk 1:33:29]} 10. Bd2
{[%clk 1:31:05]} Ngf6 {[%clk 1:33:17]} 11. O-O-O {[%clk 1:29:15]} Be7
{[%clk 1:32:23]} 12. Qe2 {[%clk 1:28:56]} O-O {[%clk 1:29:02]} 13. Nf1
{[%clk 1:28:32]} Qc7 {[%clk 1:18:45]} 14. g4 {[%clk 1:18:28]} Nxg4
{[%clk 1:15:59]} 15. Rg1 {[%clk 1:18:50]} h5 {[%clk 1:08:24]} 16. Ne3
{[%clk 1:16:06]} Nxe3 {[%clk 1:01:17]} 17. Qxe3 {[%clk 1:10:35]} Bf6
{[%clk 0:39:27]} 18. Qh6 {[%clk 1:08:44]} g6 {[%clk 0:37:43]} 19. Qxh5
{[%clk 0:57:14]} Bg7 {[%clk 0:38:04]} 20. Qg5 {[%clk 0:55:39]} Nf6
{[%clk 0:38:02]} 21. Bf4 {[%clk 0:55:11]} Qd8 {[%clk 0:35:32]} 22. Be5
{[%clk 0:49:56]} Qd5 {[%clk 0:24:52]} 23. Rd3 {[%clk 0:46:36]} Kh7
{[%clk 0:17:24]} 24. Bxf6 {[%clk 0:46:17]} Bh6 {[%clk 0:17:47]} 25. h5
{[%clk 0:42:44]} Bxg5+ {[%clk 0:08:35]} 26. Nxg5+ {[%clk 0:43:12]} Kh6
{[%clk 0:08:47]} 27. hxg6 {[%clk 0:38:20]} Qf5 {[%clk 0:06:47]} 28. g7
{[%clk 0:32:57]} Rg8 {[%clk 0:06:21]} 29. Rh3+ {[%clk 0:32:03]} Qxh3
{[%clk 0:05:20]} 30. Nxh3 {[%clk 0:32:32]} c5 {[%clk 0:03:04]} 31. Nf4
{[%clk 0:32:57]} 1-0

[Event "WYCC Girls U16"]
[Site "Porto Carras"]
[Date "2015.10.27"]
[Round "3.1"]
[White "Rogozenco, Teodora"]
[Black "Zhou, Qiyu"]
[Result "1-0"]
[BlackElo "2328"]
[WhiteElo "2110"]
[LiveChessVersion "1.4.6"]

1. d4 {[%clk 1:30:58]} Nf6 {[%clk 1:30:56]} 2. c4 {[%clk 1:31:24]} e6
{[%clk 1:31:24]} 3. Nc3 {[%clk 1:31:49]} Bb4 {[%clk 1:31:48]} 4. Qc2
{[%clk 1:32:14]} O-O {[%clk 1:32:11]} 5. a3 {[%clk 1:32:40]} Bxc3+
{[%clk 1:32:36]} 6. Qxc3 {[%clk 1:33:05]} b5 {[%clk 1:33:02]} 7. cxb5
{[%clk 1:23:38]} c6 {[%clk 1:33:19]} 8. e3 {[%clk 1:11:26]} Bb7 {[%clk 1:32:05]}
9. Nf3 cxb5 {[%clk 1:06:23]} 10. Bxb5 {[%clk 1:09:57]} Ne4 {[%clk 1:04:52]} 11.
Qb4 {[%clk 0:57:41]} Nc6 {[%clk 0:56:22]} 12. Qa4 {[%clk 0:58:02]} a6
{[%clk 0:44:33]} 13. Bd3 {[%clk 0:57:20]} Ne7 {[%clk 0:43:10]} 14. O-O
{[%clk 0:57:04]} Bc6 {[%clk 0:41:07]} 15. Qc2 {[%clk 0:57:00]} f5
{[%clk 0:40:16]} 16. Ne5 {[%clk 0:49:18]} Bb7 {[%clk 0:37:01]} 17. f3
{[%clk 0:47:30]} Nf6 {[%clk 0:36:06]} 18. Qe2 {[%clk 0:37:34]} d6
{[%clk 0:31:56]} 19. Nc4 {[%clk 0:37:59]} Nc6 {[%clk 0:32:00]} 20. b4
{[%clk 0:34:55]} Nd5 {[%clk 0:30:00]} 21. Bb2 {[%clk 0:34:46]} f4
{[%clk 0:24:19]} 22. e4 {[%clk 0:33:50]} Nb6 {[%clk 0:23:59]} 23. d5
{[%clk 0:29:25]} exd5 {[%clk 0:09:46]} 24. exd5 {[%clk 0:29:43]} Re8
{[%clk 0:09:05]} 25. Bxh7+ {[%clk 0:26:51]} Kxh7 {[%clk 0:03:12]} 26. Qd3+
{[%clk 0:27:15]} Kh8 {[%clk 0:00:45]} 27. dxc6 {[%clk 0:26:58]} Nxc4
{[%clk 0:00:52]} 28. cxb7 {[%clk 0:17:16]} Nxb2 {[%clk 0:00:50]} 29. bxa8=Q
{[%clk 0:17:39]} Qb6+ {[%clk 0:00:54]} 30. Kh1 {[%clk 0:18:00]} Rxa8
{[%clk 0:01:18]} 31. Qd5 {[%clk 0:12:11]} Rd8 {[%clk 0:00:51]} 32. Rac1
{[%clk 0:11:49]} Qb5 {[%clk 0:00:56]} 33. Qd4 {[%clk 0:10:55]} Qe5
{[%clk 0:00:51]} 34. Qd2 {[%clk 0:10:31]} Na4 {[%clk 0:00:59]} 35. Rfe1
{[%clk 0:10:51]} Qf6 {[%clk 0:00:55]} 36. Rc4 {[%clk 0:10:03]} Rf8
{[%clk 0:01:11]} 37. Rc6 {[%clk 0:10:05]} Rd8 {[%clk 0:00:35]} 38. Qc2
{[%clk 0:09:26]} Qh4 {[%clk 0:00:32]} 39. Rc1 {[%clk 0:09:24]} Re8
{[%clk 0:00:52]} 40. Rc8 {[%clk 0:39:32]} Rxc8 {[%clk 0:31:16]} 41. Qxc8+
{[%clk 0:39:57]} Kh7 {[%clk 0:31:41]} 42. Qc2+ {[%clk 0:40:25]} 1-0